LEADER 00561nam a2200169 i 4500 001 000000253772 003 CaOOAMICUS 005 20170413000000.0 008 170413s1847 it u000 u ita u 013 $a232677 040 $aSeMil$bita 245 10$aTomo 3. 300 $a255 p. 773 0 $aColletta, Pietro <1775-1831>$tStoria del Reame di Napoli.$d[Losanna] : A spese dell'editore, 1847.$g3$w()5358 850 $aSeMil 852 $aSeMil$W1$xVenegono$y1$m3T I 109 FA$j204118$B204118$CSeMilBibl$Z2$F217539 $8I 996 $6245$aTomo 3$9(OLS)http://semarc/title/53129 LEADER 00445nab a2200145 i 4500 001 000000281997 003 CaOOAMICUS 005 20180831165211.0 008 180831n xx uu u0 0und r 013 $a34737 040 $aSeMil$bita 245 10$a[vedi periodico]. 500 $agennaio-marzo 2013. 773 0 $tDiagnosi in psichiatria.$dMilano : Il Saggiatore, 2013.$z978-884281931-8$w()234557 996 $6245$a[vedi periodico]$9(OLS)http://semarc/title/309439